Manual de finanzas
שמור ב:
| מחבר ראשי: | |
|---|---|
| פורמט: | ספר |
| שפה: | ספרדית |
| יצא לאור: |
Santiago
Legal Publishing
2014
|
| מהדורה: | 1a. ed |
| סדרה: | Thomson Reuters Checkpoint
|
| נושאים: | |
| תגים: |
הוספת תג
אין תגיות, היה/י הראשונ/ה לתייג את הרשומה!
|
MARC
| LEADER | 00000cam a2200000 a 4500 | ||
|---|---|---|---|
| 001 | UCE3476 | ||
| 003 | CL-VaPUC | ||
| 008 | 140905e20140000cl |||||||||||||||||spa|d | ||
| 020 | |a 9789563465389 | ||
| 082 | 0 | 4 | |a 658.15 |b RAM |2 21 |
| 100 | 0 | |a Ramos Arriagada, Ramón A |e author |9 575985 | |
| 245 | 1 | 0 | |a Manual de finanzas |
| 246 | 1 | 0 | |a Manual de finanzas: contabilidad y finanzas en asociación sinérgica |
| 250 | |a 1a. ed | ||
| 300 | |a 289 p | ||
| 942 | |c BK | ||
| 945 | |d 20140905 00:55:00 |a arojas | ||
| 260 | |a Santiago |b Legal Publishing |c 2014 | ||
| 650 | 0 | |a Finanzas |9 260832 | |
| 650 | 0 | |a Contabilidad |9 261430 | |
| 650 | 0 | |a Economía financiera |9 359635 | |
| 650 | 0 | |a Manuales |9 257144 | |
| 583 | |a last modification |c 20181207 01:18:04 |k Rodrigo Vera | ||
| 490 | 0 | |a Thomson Reuters Checkpoint | |
| 999 | |c 356761 |d 356759 | ||
| 952 | |0 0 |1 0 |3 erb |4 0 |6 658_150000000000000_RAM_2014 |7 0 |8 A |9 464411 |a BIBGIM |b BIBGIM |i 511151K |o 658.15 RAM 2014 |p 511151K |r 2025-01-15 |w 2019-11-23 |y BK |z Catalogado en:20140905 |k COM | ||
| 952 | |0 0 |1 0 |3 erb |4 0 |6 658_150000000000000_RAM_2014 |7 0 |8 A |9 464412 |a BIBGIM |b BIBGIM |i 5111528 |o 658.15 RAM 2014 |p 5111528 |r 2025-01-15 |w 2019-11-23 |y BK |z Catalogado en:20140905 |k COM | ||
| 952 | |0 0 |1 0 |3 erb |4 0 |6 658_150000000000000_RAM_2014 |7 0 |8 A |9 464413 |a BIBGIM |b BIBGIM |i 5111536 |o 658.15 RAM 2014 |p 5111536 |r 2019-11-23 |w 2019-11-23 |y BK |z Catalogado en:20140905 |k COM | ||
| 952 | |0 0 |1 0 |3 erb |4 0 |6 658_150000000000000_RAM_2014 |7 0 |8 A |9 464414 |a BIBGIM |b BIBGIM |i 535661K |o 658.15 RAM 2014 |p 535661K |r 2025-01-15 |w 2019-11-23 |y BK |z Catalogado en:20161216 |k COM | ||
| 952 | |0 0 |1 0 |3 erb |4 0 |6 658_150000000000000_RAM_2014 |7 0 |8 A |9 464415 |a BIBGIM |b BIBGIM |i 5356601 |o 658.15 RAM 2014 |p 5356601 |r 2025-01-15 |w 2019-11-23 |y BK |z Catalogado en:20161216 |k COM | ||
| 952 | |0 0 |1 0 |3 erb |4 0 |6 658_150000000000000_RAM_2014 |7 0 |8 A |9 464416 |a BIBGIM |b BIBGIM |i 5356598 |o 658.15 RAM 2014 |p 5356598 |r 2025-01-15 |w 2019-11-23 |y BK |z Catalogado en:20161216 |k COM | ||
| 952 | |0 0 |1 0 |3 erb |4 0 |6 658_150000000000000_RAM_2014 |7 0 |8 A |9 464417 |a BIBGIM |b BIBGIM |i 535658K |o 658.15 RAM 2014 |p 535658K |r 2025-01-15 |w 2019-11-23 |y BK |z Catalogado en:20161216 |k COM | ||
| 952 | |0 0 |1 0 |3 erb |4 0 |6 658_150000000000000_RAM_2014 |7 0 |8 A |9 464418 |a BIBGIM |b BIBGIM |i 5356571 |o 658.15 RAM 2014 |p 5356571 |r 2025-01-15 |w 2019-11-23 |y BK |z Catalogado en:20161216 |k COM | ||
| 952 | |0 0 |1 0 |3 erb |4 0 |6 658_150000000000000_RAM_2014 |7 0 |8 A |9 464419 |a BIBGIM |b BIBGIM |i 5356563 |o 658.15 RAM 2014 |p 5356563 |r 2025-01-15 |w 2019-11-23 |y BK |z Catalogado en:20161216 |k COM | ||
| 952 | |0 0 |1 0 |3 erb |4 0 |6 658_150000000000000_RAM_2014 |7 0 |8 A |9 464420 |a BIBGIM |b BIBGIM |i 5356555 |o 658.15 RAM 2014 |p 5356555 |r 2025-01-15 |w 2019-11-23 |y BK |z Catalogado en:20161216 |k COM | ||
| 952 | |0 0 |1 0 |3 erb |4 0 |6 658_150000000000000_RAM_2014 |7 0 |8 A |9 464421 |a BIBGIM |b BIBGIM |i 5356547 |o 658.15 RAM 2014 |p 5356547 |r 2025-01-15 |w 2019-11-23 |y BK |z Catalogado en:20161216 |k COM | ||
| 952 | |0 0 |1 0 |3 erb |4 0 |6 658_150000000000000_RAM_2014 |7 0 |8 A |9 464422 |a BIBGIM |b BIBGIM |i 5356539 |o 658.15 RAM 2014 |p 5356539 |r 2025-01-15 |w 2019-11-23 |y BK |z Catalogado en:20161216 |k COM | ||
| 952 | |0 0 |1 0 |3 erb |4 0 |6 658_150000000000000_RAM_2014 |7 0 |8 A |9 464423 |a BIBGIM |b BIBGIM |i 5356520 |o 658.15 RAM 2014 |p 5356520 |r 2025-01-15 |w 2019-11-23 |y BK |z Catalogado en:20161216 |k COM | ||
| 952 | |0 0 |1 0 |3 erb |4 0 |6 658_150000000000000_RAM_2014 |7 0 |8 A |9 464424 |a BIBGIM |b BIBGIM |i 5522617 |o 658.15 RAM 2014 |p 5522617 |r 2025-01-15 |w 2019-11-23 |y BK |z Catalogado en:20181207 |k COM | ||